000
00237 a2200097 4500
001
51367
100
_a
Dr. Muhammad Shoaib Shahid
245
_a
Nefsiaty Clinick
260
_a
Lahore
_b
Aziz Publishers Urdu Bazar
_c
090
_c
32557
_d
32557
942
_a
NUST-CAE
_c
M
_c
25066
999
_c
286440
_d
286440